• 首页
  • 本馆介绍
  • 公告通知
  • 最新文献
  • 馆藏检索
  • 电子资源
  • 读者导购
  • 参考咨询
  • 我的图书馆
  • 登录
  • 详细信息显示
  • 放入我的书架
  • 预约/预借图书
  • 作者相关作品
  • 分类相关作品
  • 丛书相关作品
  • 出版社相关作品

书目信息

  • 表格格式
  • 工作单格式
  • 卡片格式
题名:
傅佩荣译解老子
    
 
作者: 傅佩荣 著
分册:  
出版信息: 北京   东方出版社  2012
页数: 164页
开本: 24cm
丛书名:
单 册:
中图分类: B223.1
科图分类:
主题词: 道家
电子资源:
ISBN: 978-7-5060-4598-8
000 00966nam0 2200265 45
001 1355755639
005 20130515144150.87
010    @a978-7-5060-4598-8@dCNY28.00
100    @a20130108d2012 em y0chiy50 ea
101 0  @achi
102    @aCN@b110000
105    @ay z 000yy
106    @ar
200 1  @a傅佩荣译解老子@AFu Pei Rong Yi Jie Lao Zi@f傅佩荣著@FFu Pei Rong Zhu
210    @a北京@c东方出版社@d2012
215    @a164页@d24cm
314    @a著者取自版权页
330    @a本书中,傅佩荣教授根据自己研习中西哲学四十余年的心得,译解《老子》,特别注重书中传达的深刻哲理与智慧,以凸显哲学“爱好智慧”的本义。在每一章原文之后,用白话译文取代一般读本的注释;在注解部分,参考了历代注家及当代学者的研究成果,并专就关键概念加以解析。
605    @a《道德经》@x注释
605    @a《道德经》@x译文
606 0  @a道家
690    @aB223.1@v5
701  0 @a傅佩荣@AFu Pei Rong@f(1950-)@4著
801    @aCN@bTANGWEI@c20130112
905    @b0832469-73@dB223.1@e431@f5
    
    傅佩荣译解老子/傅佩荣著.-北京:东方出版社,2012
    164页;24cm
    
    
    ISBN 978-7-5060-4598-8:CNY28.00
    本书中,傅佩荣教授根据自己研习中西哲学四十余年的心得,译解《老子》,特别注重书中传达的深刻哲理与智慧,以凸显哲学“爱好智慧”的本义。在每一章原文之后,用白话译文取代一般读本的注释;在注解部分,参考了历代注家及当代学者的研究成果,并专就关键概念加以解析。
●
相关链接 在E读中查询图书 在五车中查询图书 在当当中查询图书 在豆瓣中查询图书


正题名:傅佩荣译解老子     索取号:B223.1/431         预约/预借

序号 登录号 条形码 馆藏地/架位号 状态 备注
1 0832469   208324696   第一样本阅览室/ [索取号:B223.1/431] 在馆    
2 0832470   208324703   第一借阅区/ [索取号:B223.1/431] 在馆    
3 0832471   208324712   第一借阅区/ [索取号:B223.1/431] 在馆    
4 0832472   208324721   第一借阅区/ [索取号:B223.1/431] 在馆    
5 0832473   208324730   第一借阅区/ [索取号:B223.1/431] 在馆    
唐山师范学院图书馆 欢迎您!
大连网信软件有限公司© 版权所有